| 000 | 00940nas a2200301 4500 | ||
|---|---|---|---|
| 001 | BR2012004840 | ||
| 003 | BR-BrBNA | ||
| 005 | 20231205120809.0 | ||
| 007 | ta | ||
| 008 | 230509b bl.|||p| |||| 00| 00por d | ||
| 040 |
_aBR-BrBNA _bpor _cBiblioteca Nacional de Agricultura |
||
| 041 | _a(Pt) | ||
| 072 | _aL50 | ||
| 100 | 1 | _aLedur, V.S. | |
| 100 | 1 | _aRibeiro, A.M.L. | |
| 100 | 1 | _aKessler, A.M. | |
| 100 | 1 | _aGianfelici, M.F. | |
| 100 | 1 | _aVieira, M.M. | |
| 100 | 1 | _aGrandi, J. | |
| 100 | 1 | _aMachinsky, T.G. | |
| 245 | 1 | _aRespostas fisiológicas e de desempenho de leitões suplementados com B-glucanos e desafiados imunologicamente | |
| 650 | _aSUÍNO | ||
| 650 | _aPERFORMANCE | ||
| 650 | _aIMUNOLOGIA | ||
| 773 | 0 |
_tArquivo Brasileiro de Medicina Veterinária e Zootecnia (Brazil) _xISSN 0102-0935 _g(Apr 2012), v. 64(2) p. 434-442 _wBR2012004840 |
|
| 909 |
_a202311 _bLúcia _c55 _dLúcia Elande |
||
| 942 |
_2AGRIS _n0 _cANA |
||
| 999 |
_c220358 _d220358 |
||